Science Quiz

Random Science or Chemistry Quiz

Periodic Table of Lady Gaga Quiz Stats

 Plays Quiz not verified by Sporcle

Challenge
Share
Tweet
Embed
Score 0/15 Timer 05:00
0 Plays Today
Symbol Elements % Correct
AuGold
88.2%
AuGold
88.2%
AuGold
88.2%
OOxygen
87.5%
RaRadium
77.1%
RaRadium
77.1%
GaGallium
62.5%
GaGallium
62.5%
Symbol Elements % Correct
MoMolybdenum
46.5%
MoMolybdenum
46.5%
MoMolybdenum
46.5%
LaLanthanum
42.4%
LaLanthanum
42.4%
RoRadon
41%
RoRadon
41%

You're not logged in!

Compare scores with friends on all Sporcle quizzes.
OR
Log In

You Might Also Like...

Show Comments

Extras

Top Quizzes Today


Score Distribution

Your Account Isn't Verified!

In order to create a playlist on Sporcle, you need to verify the email address you used during registration. Go to your Sporcle Settings to finish the process.

Report this User

Report this user for behavior that violates our Community Guidelines.

Details: